000 00418nam a2200145 i 4500
001 bg
100 1 _aUGODCIKOV, A. G.
245 0 _aNekotorye metody resenija naecvum fiziceski nelinejnych zadac teorii plastin i obolocek /
_cA.G. Ugodcikov, Ju.G. Korotkich.
260 _aKiev,
_c1971.
700 1 _aKOROTKICH, Ju. G.
040 _cBPK
041 _apol
942 _cKS
008 s pl f |000 0 pol
999 _c13740
_d13740
856 _uhttp://koha.tu.koszalin.pl/cgi-bin/koha/opac-detail.pl?biblionumber=13740
_yKatalog online BPK